000
00315pam a2200145 a 4500
020
_c
041
_a
eng
082
_b
RAD
100
_a
radhakrishnan.
245
_a
Foundation Of Citilyzation
_h
Textual Documents
250
_a
2010.
260
_a
[s.l]:
_b
Orient Papersbacks
300
_a
112pg.
930
_a
12050
999
_c
88953
_d
88953